000 00285nam a22001337a 4500
008 210507b ||||| |||| 00| 0 eng d
041 _aeng
080 _a82
082 _a82
100 _a21
101 _aGJL
245 _aLady Chatterley's Lover
_cD. H. Lawrence
942 _2udc
_cBK
999 _c57110
_d57110